| 000 | 00975nam a22002897a 4500 | ||
|---|---|---|---|
| 999 |
_c2652 _d2652 |
||
| 001 | 19629 | ||
| 003 | BD-DhUAP | ||
| 005 | 20200226155620.0 | ||
| 008 | 200226r20051997enka b 001 0 eng d | ||
| 020 | _a9780500280256 | ||
| 020 | _a0500280258 | ||
| 040 |
_aDLC _cDLC _dBD-DhUAP _bEng |
||
| 082 | 0 | 0 |
_223 _a720.92 KAH |
| 100 | 1 |
_aKahn, Louis I. _931825 |
|
| 245 | 1 | 0 |
_aLouis I. Kahn : _bin the realm of architecture / _cLouis I. Kahn, David B. Brownlee and David G. De Long. |
| 260 |
_aLondon : _bThames & Hudson, _cc1997 [Reprinted 2005]. |
||
| 300 |
_a272 pages : _billustrations ; _c23 cm. cm. |
||
| 500 | _aIncludes index. | ||
| 526 | _aARC | ||
| 600 | 1 | 0 |
_aKahn, Louis I., _d1901-1974 _xCriticism and interpretation. _931826 |
| 650 | 0 |
_aArchitecture _zUnited States _xHistory _y20th century. _931827 |
|
| 700 | 1 |
_aBrownlww, David B. _931828 |
|
| 700 | 1 | _aDe Long, David Gilson. | |
| 942 |
_2ddc _cBK |
||